000 01252nam a22003497a 4500
003 CHAP
005 20220817042923.0
008 971013s1994 r 00010 d
010 _a59912
011 _a60884
035 _a65047
040 _cCHAP
082 _a338.9
_bT74
100 0 0 _aTrejos, Rafael A.
_9114805
245 _aTransformaciones en le sector privado de la agricultura
260 _aSan José, C. R. :
_bInstituto Interamericano de Cooperación para la Agricultura,
_c1994
300 _a138 p.
490 _aSerie de documentos de programas
_v; 44
590 _aBATCH-UPD
_b10
_c20130110
_lUCH01
_h0621
590 _aBATCH-UPD
_b10
_c20130110
_lUCH01
_h2254
590 _aBATCH-UPD
_b10
_c20130410
_lUCH01
_h0304
590 _aBATCH-UPD
_b10
_c20130914
_lUCH01
_h1928
590 _aCONVERSION
_b10
_c20130109
_lUCH01
_h1332
650 1 4 _aAgricultura
_xAspectos económicos.
650 1 4 _aPolítica agrícola.
_990283
650 1 4 _aPolítica alimentaria.
_990389
830 0 _aSerie de documentos de programas
_v; 44
_9104711
901 _aBK
942 _cLIBRO
949 _a338.9 T74
_bBC
_cLIBRO
_d33724000083804
_eLIBRO
_h90367
_i65047
_mD
_sb
949 _a338.9 T74
_bBC
_cLIBRO
_d33724000687315
_eLIBRO
_fc.2
_gI. c/e
_h92409
_i65047
_si
_t64.00
999 _c59912
_d59912